La inversión en el proceso de crecimiento económico argentino, 1950-1980 (Registro nro. 24864)

Detalles MARC
000 -LEADER
fixed length control field 00355 a2200109 4500
001 - CONTROL NUMBER
control field ART_11021
005 - DATE AND TIME OF LATEST TRANSACTION
control field 20260410161849.0
008 - FIXED-LENGTH DATA ELEMENTS--GENERAL INFORMATION
fixed length control field 260409a
100 1# - MAIN ENTRY--PERSONAL NAME
Personal name Montuschi, Luisa
245 10 - TITLE STATEMENT
Title La inversión en el proceso de crecimiento económico argentino, 1950-1980
773 0# - HOST ITEM ENTRY
Title Económica
Related parts - Año XXXIV,Nº 1 (ene./jun.1988)
Record control number REV7541

No hay ítems disponibles.